In der Stille, (Record no. 4799)

MARC details
000 -LEADER
fixed length control field 00548cam a22002051 4500
001 - CONTROL NUMBER
control field af 48001959
003 - CONTROL NUMBER IDENTIFIER
control field DLC
005 - DATE AND TIME OF LATEST TRANSACTION
control field 20260227110852.0
008 - FIXED-LENGTH DATA ELEMENTS--GENERAL INFORMATION
fixed length control field 890502s1944 gw 000 0 ger c
010 ## - LIBRARY OF CONGRESS CONTROL NUMBER
LC control number af 48001959
035 ## - SYSTEM CONTROL NUMBER
System control number (OCoLC)19644402
040 ## - CATALOGING SOURCE
Original cataloging agency Illinois. Univ. Library
Transcribing agency CU
Modifying agency DLC
042 ## - AUTHENTICATION CODE
Authentication code premarc
050 00 - LIBRARY OF CONGRESS CALL NUMBER
Classification number PT2621.O789
Item number I5
082 ## - DEWEY DECIMAL CLASSIFICATION NUMBER
Classification number 838.91
100 1# - MAIN ENTRY--PERSONAL NAME
Personal name Korn, Karl,
Dates associated with a name 1908-1991.
245 10 - TITLE STATEMENT
Title In der Stille,
Remainder of title Gedanken und Betrachtungen.
260 ## - PUBLICATION, DISTRIBUTION, ETC.
Place of publication, distribution, etc. Berlin-Schildow,
Name of publisher, distributor, etc. E. Sicker
Date of publication, distribution, etc. [1944]
300 ## - PHYSICAL DESCRIPTION
Extent 158 p.
Dimensions 19 cm.

No items available.

Powered by Koha